[Event "TCh-CHN DivA Regular"]
[Site "Fuling CHN"]
[Date "2023.06.13"]
[Round "8.5"]
[Board "4"]
[White "Qiu, Mengjie"]
[Black "Wang, Chuqiao"]
[Result "0-1"]
[WhiteTitle "WIM"]
[WhiteElo "2188"]
[BlackElo "2061"]
[WhiteTeam "Zhejiang Shaoxing"]
[BlackTeam "Chongqing Sports Lottery"]
[WhiteFideId "8606137"]
[BlackFideId "8631638"]
[EventDate "2023.06.05"]
[EventType "team"]

1. e4 e5 2. Nc3 Nc6 3. g3 Bc5 4. Bg2 d6 5. Nge2 a6 6. d3 f5 7. Nd5 Nf6 8. O-O
fxe4 9. Bg5 exd3 10. Qxd3 Be6 11. Qb3 Bxd5 12. Bxd5 Na5 13. Qa4+ Qd7 14. Qxd7+
Kxd7 15. Bg2 h6 16. Bh3+ Ke7 17. Bxf6+ gxf6 18. Nc3 c6 19. Ne4 Ba7 20. Kg2 Nc4
21. b3 Na3 22. c4 Nc2 23. Rac1 Nd4 24. c5 Bxc5 25. Nxc5 dxc5 26. Rxc5 Kd6 27.
Rcc1 Rae8 28. Rfd1 Kc7 29. f4 b6 30. fxe5 fxe5 31. Rf1 Rhf8 32. Rce1 Kd6 33. Re4
Rxf1 34. Kxf1 Rf8+ 35. Kg1 Nf3+ 36. Kg2 Ng5 37. Rh4 Nxh3 38. Rxh6+ Kd5 39. Rxh3
e4 40. g4 c5 41. Rh5+ Kd4 42. Rh6 b5 43. Rd6+ Ke5 44. Rxa6 e3 45. Ra7 Kd6 46.
Ra6+ Kd5 47. Ra7 c4 48. bxc4+ bxc4 49. Re7 Kd4 50. Rd7+ Kc3 51. Re7 Kd2 52. Rd7+
Ke1 53. Rc7 Rf4 54. Kg3 Rd4 55. Kf3 e2 56. Ke3 Rd3+ 57. Ke4 Kd2 0-1

[Event "TCh-CHN DivA Regular"]
[Site "Fuling CHN"]
[Date "2023.06.13"]
[Round "8.5"]
[Board "5"]
[White "Huang, Qian"]
[Black "Bai, Xue"]
[Result "1-0"]
[WhiteTitle "WGM"]
[WhiteElo "2431"]
[BlackElo "2041"]
[WhiteTeam "Chongqing Sports Lottery"]
[BlackTeam "Zhejiang Shaoxing"]
[WhiteFideId "8602689"]
[BlackFideId "8608717"]
[EventDate "2023.06.05"]
[EventType "team"]

1. Nf3 d5 2. g3 Nf6 3. Bg2 e6 4. O-O Be7 5. d3 c5 6. e4 d4 7. a4 Nc6 8. e5 Nd5
9. Na3 O-O 10. Nc4 Rb8 11. h4 f5 12. exf6 Bxf6 13. Ng5 Bxg5 14. Bxg5 Qd7 15. Qe2
b5 16. axb5 Rxb5 17. Bc1 Qc7 18. Nd2 Nde7 19. Re1 Ra5 20. Rxa5 Qxa5 21. Nc4 Qc7
22. Bf4 Rxf4 23. gxf4 Qxf4 24. Qh5 h6 25. Bxc6 1-0

[Event "TCh-CHN DivA Regular"]
[Site "Fuling CHN"]
[Date "2023.06.13"]
[Round "8.6"]
[Board "1"]
[White "Wang, Shixu B"]
[Black "Ni, Hua"]
[Result "1/2-1/2"]
[WhiteTitle "IM"]
[BlackTitle "GM"]
[WhiteElo "2413"]
[BlackElo "2669"]
[WhiteTeam "Tianjin"]
[BlackTeam "Shanghai"]
[WhiteFideId "8610665"]
[BlackFideId "8601160"]
[EventDate "2023.06.05"]
[EventType "team"]

1. d4 Nf6 2. c4 e6 3. Nf3 b6 4. g3 Bb4+ 5. Bd2 c5 6. Bg2 Bb7 7. Bxb4 cxb4 8. O-O
O-O 9. Qd3 a5 10. Nbd2 d6 11. Rfe1 Qc7 12. Rac1 e5 13. e4 Re8 14. Nf1 Nbd7 15.
N3d2 exd4 16. Qxd4 Qc5 17. Qd3 a4 18. Ne3 Ne5 19. Qc2 Rac8 20. b3 a3 21. h3 h5
22. f4 Ng6 23. h4 Re7 24. Kh1 Rce8 25. Nd5 Bxd5 26. cxd5 Nxd5 27. Qd3 Nc3 28.
Nb1 Rc7 29. Nxc3 bxc3 30. Red1 d5 31. b4 Qxb4 32. exd5 Nf8 33. Rc2 Nd7 34. Rdc1
Rec8 35. d6 Rc5 36. Bh3 Rd8 37. Bxd7 Rxd7 38. Rxc3 Rxc3 39. Rxc3 g6 40. Rc8+ Kg7
41. Qc3+ Qxc3 42. Rxc3 Rxd6 43. Rxa3 Kf6 44. Kg2 Ke6 45. Kf3 Rd5 46. Ke4 Rc5 47.
Rb3 b5 48. Kd4 Kd6 49. Ra3 Rc4+ 50. Kd3 Kd5 51. Ra5 Rd4+ 52. Ke3 Kc4 53. f5 gxf5
54. Ra7 Rg4 55. Kf3 f4 56. gxf4 f5 57. Rc7+ Kd5 58. Rf7 Ke6 59. Rb7 Rxh4 60.
Rb6+ 1/2-1/2

[Event "TCh-CHN DivA Regular"]
[Site "Fuling CHN"]
[Date "2023.06.13"]
[Round "8.6"]
[Board "2"]
[White "Zhang, Zhong"]
[Black "Wang, Yue"]
[Result "1/2-1/2"]
[WhiteTitle "GM"]
[BlackTitle "GM"]
[WhiteElo "2589"]
[BlackElo "2674"]
[WhiteTeam "Shanghai"]
[BlackTeam "Tianjin"]
[WhiteFideId "8600694"]
[BlackFideId "8601429"]
[EventDate "2023.06.05"]
[EventType "team"]

1. e4 e5 2. Nf3 Nf6 3. Nxe5 d6 4. Nf3 Nxe4 5. d3 Nf6 6. d4 d5 7. Bd3 Bd6 8. Qe2+
Qe7 9. Qxe7+ Kxe7 10. O-O Re8 11. Re1+ Kf8 12. Rxe8+ Kxe8 13. Nc3 c6 14. Bd2
Nbd7 15. Re1+ Kf8 16. h3 Kg8 17. Ne2 g6 18. Bf4 Ne8 19. Bxd6 Nxd6 20. Nf4 Nf8
21. c3 Bf5 22. Bxf5 Nxf5 23. Nd3 f6 24. g4 Nd6 25. Re7 Re8 26. Rc7 Rc8 27. Re7
Re8 28. Rc7 Rc8 29. Re7 Re8 30. Rc7 Rc8 1/2-1/2

[Event "TCh-CHN DivA Regular"]
[Site "Fuling CHN"]
[Date "2023.06.13"]
[Round "8.6"]
[Board "3"]
[White "Dai, Changren"]
[Black "Lou, Yiping"]
[Result "1/2-1/2"]
[WhiteTitle "GM"]
[BlackTitle "IM"]
[WhiteElo "2515"]
[BlackElo "2482"]
[WhiteTeam "Tianjin"]
[BlackTeam "Shanghai"]
[WhiteFideId "8608156"]
[BlackFideId "8603928"]
[EventDate "2023.06.05"]
[EventType "team"]

1. e4 e5 2. Nf3 Nc6 3. Bb5 Nf6 4. d3 Bc5 5. c3 O-O 6. O-O d6 7. h3 a6 8. Ba4 b5
9. Bb3 h6 10. Re1 Bb6 11. Nbd2 Na5 12. Bc2 c5 13. Nf1 Nc6 14. Ne3 Be6 15. Nh2 d5
16. Qf3 d4 17. Nf5 Kh7 18. Qg3 Nh5 19. Qf3 Nf6 20. Qg3 Nh5 21. Qf3 1/2-1/2

[Event "TCh-CHN DivA Regular"]
[Site "Fuling CHN"]
[Date "2023.06.13"]
[Round "8.6"]
[Board "4"]
[White "Ju, Wenjun"]
[Black "Xiao, Yiyi"]
[Result "1-0"]
[WhiteTitle "GM"]
[BlackTitle "WGM"]
[WhiteElo "2566"]
[BlackElo "2331"]
[WhiteTeam "Shanghai"]
[BlackTeam "Tianjin"]
[WhiteFideId "8603006"]
[BlackFideId "8606161"]
[EventDate "2023.06.05"]
[EventType "team"]

1. d4 d5 2. c4 e6 3. Nc3 Nf6 4. cxd5 exd5 5. Bg5 c6 6. e3 h6 7. Bh4 Be7 8. Bd3
O-O 9. Nge2 Re8 10. h3 Nh5 11. Bxe7 Qxe7 12. Qc2 Nd7 13. g4 Nhf6 14. Ng3 c5 15.
O-O-O cxd4 16. exd4 Nf8 17. Kb1 Bd7 18. Qd2 Rac8 19. f4 Qd6 20. g5 hxg5 21. fxg5
N6h7 22. Nf5 Bxf5 23. Bxf5 Rcd8 24. h4 Qg3 25. Rh3 Qc7 26. h5 Ne6 27. Bxh7+ Kxh7
28. Rf1 Kg8 29. Rhf3 Rd7 30. g6 f6 31. h6 Ng5 32. Qxg5 1-0

[Event "TCh-CHN DivA Regular"]
[Site "Fuling CHN"]
[Date "2023.06.13"]
[Round "8.6"]
[Board "5"]
[White "Liu, Hongyan"]
[Black "Ni, Shiqun"]
[Result "0-1"]
[BlackTitle "WGM"]
[WhiteElo "1934"]
[BlackElo "2323"]
[WhiteTeam "Tianjin"]
[BlackTeam "Shanghai"]
[WhiteFideId "8604789"]
[BlackFideId "8608466"]
[EventDate "2023.06.05"]
[EventType "team"]

1. d4 d6 2. Bf4 g6 3. e3 Bg7 4. Nf3 Nf6 5. h3 O-O 6. Be2 Nc6 7. O-O e5 8. Bh2
exd4 9. exd4 b6 10. c3 Bb7 11. Nbd2 Qd7 12. Re1 Ne7 13. a4 a6 14. Bd3 Ned5 15.
Qb3 Rab8 16. Ng5 a5 17. Nge4 Nh5 18. Bb5 Qd8 19. Bf1 Kh8 20. Nf3 h6 21. Ng3 Nhf6
22. Bc4 Nf4 23. Re3 Qd7 24. Bb5 Qc8 25. Bf1 N4d5 26. Ree1 Kh7 27. Nd2 Ba8 28.
Qc2 Qb7 29. Nc4 Nf4 30. f3 Rbe8 31. Qf2 Qc8 32. Rxe8 Qxe8 33. Qd2 N6d5 34. Ne4
g5 35. Ng3 f5 36. Re1 Qf7 37. Ne3 Nxe3 38. Qxe3 Bc6 39. Bb5 Bxb5 40. axb5 Qb3
41. Ne2 Ng6 42. f4 Qxb5 43. fxg5 Re8 44. Qd2 hxg5 45. Qxg5 Bh6 46. Qh5 Kg7 47.
Bg3 Bd2 48. Qf3 Bxe1 49. Bxe1 Qxe2 0-1

[Event "TCh-CHN DivA Regular"]
[Site "Fuling CHN"]
[Date "2023.06.15"]
[Round "9.1"]
[Board "1"]
[White "Ni, Hua"]
[Black "Nie, Xinyang"]
[Result "1/2-1/2"]
[WhiteTitle "GM"]
[WhiteElo "2669"]
[BlackElo "2222"]
[WhiteTeam "Shanghai"]
[BlackTeam "Chongqing Jiulongpo"]
[WhiteFideId "8601160"]
[BlackFideId "8607222"]
[EventDate "2023.06.05"]
[EventType "team"]

1. d4 d5 2. Nc3 e6 3. Bf4 Bd6 4. e3 Ne7 5. Nf3 Bxf4 6. exf4 b6 7. h4 a5 8. h5 h6
9. Qd2 Ba6 10. g4 Bxf1 11. Kxf1 c6 12. Re1 Qd6 13. Nh4 Na6 14. Rh3 Nc7 15. a3 c5
16. f5 O-O-O 17. dxc5 bxc5 18. Na4 Qa6+ 19. Kg1 Qb5 20. b3 Rhe8 21. Rhe3 Nc6 22.
Nf3 d4 23. Re4 exf5 24. Rxe8 Rxe8 25. Rxe8+ Nxe8 26. gxf5 c4 27. Nxd4 Nxd4 28.
Qxd4 cxb3 29. cxb3 Qxf5 30. Nb6+ Kb7 31. Nc4 Qg5+ 32. Kf1 Qc1+ 33. Kg2 Qg5+ 34.
Kf1 Qc1+ 35. Ke2 Qc2+ 36. Nd2 Qf5 37. f3 Nf6 38. Ne4 Qd5 39. Qxd5+ Nxd5 40. Nd6+
Kc6 41. Nxf7 Nf4+ 42. Ke3 Nxh5 43. Ne5+ Kb5 44. Ng6 Nf6 45. Kd4 Nd7 46. Nf4 Nc5
47. Kc3 g5 48. Nh5 Nd7 49. Kd4 Nc5 50. Kc3 Nd7 51. Kd4 Nc5 1/2-1/2

[Event "TCh-CHN DivA Regular"]
[Site "Fuling CHN"]
[Date "2023.06.15"]
[Round "9.1"]
[Board "2"]
[White "Wan, Yunguo"]
[Black "Zhang, Zhong"]
[Result "1/2-1/2"]
[WhiteTitle "GM"]
[BlackTitle "GM"]
[WhiteElo "2504"]
[BlackElo "2589"]
[WhiteTeam "Chongqing Jiulongpo"]
[BlackTeam "Shanghai"]
[WhiteFideId "8603189"]
[BlackFideId "8600694"]
[EventDate "2023.06.05"]
[EventType "team"]

1. e4 e5 2. Nf3 Nf6 3. Nxe5 d6 4. Nf3 Nxe4 5. Bd3 Nf6 6. O-O Be7 7. Re1 O-O 8.
Bf1 d5 9. d4 c5 10. Nbd2 Nc6 11. dxc5 Bxc5 12. Nb3 Bb6 13. h3 Bf5 14. Be3 Be4
15. c3 Re8 16. Nfd4 Bc7 17. Nb5 Bb8 18. Nc5 a6 19. Nxe4 Nxe4 20. Nd4 Qd6 21. Nf3
Bc7 22. g3 Rad8 23. Bg2 h6 24. Bf4 Qd7 25. Bxc7 Qxc7 26. Nd4 Qd6 27. Nxc6 bxc6
28. Qa4 f5 29. Qxa6 Qc5 30. Qe2 Nxg3 31. Qxe8+ Rxe8 32. Rxe8+ Kf7 33. Re3 Ne4
34. Bxe4 dxe4 35. a4 Qd5 36. Rae1 Qa2 37. f3 Qxa4 38. fxe4 f4 39. Rf3 g5 40. e5
Ke6 41. Rd3 Qa7+ 42. Kg2 Qa2 43. Kf3 Qxb2 44. Kg4 Qf2 45. Rd6+ Ke7 46. Ra1 Qg3+
47. Kf5 Qxh3+ 48. Kg6 Qe3 49. Rf6 g4 50. Ra5 f3 51. Rf7+ Ke6 52. Rf6+ Ke7 53.
Rf7+ Ke6 54. Rf6+ 1/2-1/2

[Event "TCh-CHN DivA Regular"]
[Site "Fuling CHN"]
[Date "2023.06.15"]
[Round "9.1"]
[Board "3"]
[White "Lou, Yiping"]
[Black "Peng, Xiongjian"]
[Result "0-1"]
[WhiteTitle "IM"]
[WhiteElo "2482"]
[BlackElo "2461"]
[WhiteTeam "Shanghai"]
[BlackTeam "Chongqing Jiulongpo"]
[WhiteFideId "8603928"]
[BlackFideId "8610550"]
[EventDate "2023.06.05"]
[EventType "team"]

1. d4 Nf6 2. c4 e6 3. Nf3 d5 4. cxd5 exd5 5. Nc3 c6 6. Qc2 Na6 7. Bg5 h6 8. Bh4
Nb4 9. Qb3 g5 10. Bg3 Bf5 11. Rc1 Qb6 12. Be5 Be7 13. Qa4 O-O 14. h4 g4 15. Nd2
Nd7 16. Bf4 Qxd4 17. Bxh6 Rfe8 18. e3 Qh8 19. Bg5 Bxg5 20. Qxb4 a5 21. Qd6 Ne5
22. Kd1 Rad8 23. Qc5 d4 24. Nce4 dxe3 25. hxg5 Qxh1 26. Qxe3 Qxf1+ 0-1

[Event "TCh-CHN DivA Regular"]
[Site "Fuling CHN"]
[Date "2023.06.15"]
[Round "9.1"]
[Board "5"]
[White "Ni, Shiqun"]
[Black "Zhang, Lanlin"]
[Result "1/2-1/2"]
[WhiteTitle "WGM"]
[WhiteElo "2323"]
[BlackElo "2156"]
[WhiteTeam "Shanghai"]
[BlackTeam "Chongqing Jiulongpo"]
[WhiteFideId "8608466"]
[BlackFideId "8608032"]
[EventDate "2023.06.05"]
[EventType "team"]

1. e4 e5 2. Nf3 Nc6 3. Bc4 Nf6 4. d4 exd4 5. e5 d5 6. Bb5 Ne4 7. Nxd4 Bd7 8.
Bxc6 bxc6 9. O-O Bc5 10. Be3 O-O 11. Nd2 Bb6 12. f3 Nxd2 13. Qxd2 c5 14. Ne2 Bc6
15. c3 Qe7 16. Bf4 f6 17. exf6 Qxf6 18. Bg3 Rad8 19. a4 a5 20. c4 dxc4 21. Qc2
c3 22. Nxc3 c4+ 23. Kh1 Rd3 24. Ne4 Qf7 25. Nd2 Rd4 26. Bf2 Rf4 27. Bg3 Rd4 28.
Bf2 Rf4 29. Bg3 Rd4 1/2-1/2

[Event "TCh-CHN DivA Regular"]
[Site "Fuling CHN"]
[Date "2023.06.15"]
[Round "9.2"]
[Board "1"]
[White "Lu, Shanglei"]
[Black "Wang, Yue"]
[Result "1/2-1/2"]
[WhiteTitle "GM"]
[BlackTitle "GM"]
[WhiteElo "2597"]
[BlackElo "2674"]
[WhiteTeam "Zhejiang Shaoxing"]
[BlackTeam "Tianjin"]
[WhiteFideId "8603332"]
[BlackFideId "8601429"]
[EventDate "2023.06.05"]
[EventType "team"]

1. e4 e5 2. Nf3 Nc6 3. d4 exd4 4. Nxd4 Nf6 5. Nxc6 bxc6 6. e5 Qe7 7. Qe2 Nd5 8.
c4 Ba6 9. b3 g6 10. g3 Bg7 11. Bb2 O-O 12. Bg2 Rae8 13. O-O Bxe5 14. Qxe5 Qxe5
15. Bxe5 Rxe5 16. cxd5 Bxf1 17. Kxf1 cxd5 18. Nc3 c6 19. Rd1 Rfe8 20. Bf3 h5 21.
Ne2 Rf5 22. Nd4 Rfe5 23. Nc2 Rf5 24. Nd4 Rfe5 25. Nc2 Rf5 26. Nd4 1/2-1/2

[Event "TCh-CHN DivA Regular"]
[Site "Fuling CHN"]
[Date "2023.06.15"]
[Round "9.2"]
[Board "2"]
[White "Dai, Changren"]
[Black "Zhu, Jiner"]
[Result "0-1"]
[WhiteTitle "GM"]
[BlackTitle "WGM"]
[WhiteElo "2515"]
[BlackElo "2507"]
[WhiteTeam "Tianjin"]
[BlackTeam "Zhejiang Shaoxing"]
[WhiteFideId "8608156"]
[BlackFideId "8608059"]
[EventDate "2023.06.05"]
[EventType "team"]

1. d4 d5 2. c4 c6 3. Nf3 Nf6 4. Nc3 dxc4 5. a4 Bf5 6. Ne5 Nbd7 7. Nxc4 Nb6 8.
Ne5 a5 9. e3 g6 10. f3 Nfd7 11. Nxd7 Bxd7 12. e4 Bg7 13. Be3 Be6 14. Be2 O-O 15.
O-O Qd6 16. Kh1 Qb4 17. d5 cxd5 18. exd5 Rad8 19. Bd2 Nxd5 20. Nxd5 Qxb2 21. Rb1
Qa2 22. Rb5 Rxd5 23. Rxd5 Bxd5 24. Bb5 Rc8 25. Bf4 e6 26. Qd2 Rc2 27. Qxa5 h6
28. Qd8+ Kh7 29. Rg1 Rxg2 0-1

[Event "TCh-CHN DivA Regular"]
[Site "Fuling CHN"]
[Date "2023.06.15"]
[Round "9.2"]
[Board "3"]
[White "Chen, Yuan2"]
[Black "Chu, Wei Chao"]
[Result "0-1"]
[BlackTitle "IM"]
[WhiteElo "2159"]
[BlackElo "2411"]
[WhiteTeam "Zhejiang Shaoxing"]
[BlackTeam "Tianjin"]
[WhiteFideId "8618860"]
[BlackFideId "8605661"]
[EventDate "2023.06.05"]
[EventType "team"]

1. e4 c5 2. c3 d5 3. exd5 Qxd5 4. d4 Nf6 5. Nf3 e6 6. Be2 Nc6 7. Na3 Qd8 8. Nc2
Be7 9. O-O O-O 10. dxc5 Bxc5 11. b4 Bd6 12. Ncd4 Nd5 13. Nxc6 bxc6 14. Bd3 h6
15. Qe1 Bb7 16. a3 Nf6 17. Qe2 Qc7 18. Ba6 c5 19. Bxb7 Qxb7 20. b5 Rfe8 21. c4
e5 22. Be3 e4 23. Nd2 Qc7 24. h3 Nd7 25. Rfd1 Be5 26. Ra2 f5 27. Nb3 f4 28. Bc1
Nf6 29. Bb2 Kh8 30. Bxe5 Qxe5 31. Rad2 Qf5 32. Rd6 Rac8 33. Rc6 f3 34. Qe3 Qg6
35. g3 Qh5 36. Rxf6 Qxh3 37. Rxf3 exf3 38. Qxf3 Rf8 39. Qd5 Qg4 40. Rf1 Rfd8 41.
Qb7 Rd3 42. Na5 Rf8 43. Qc7 Kh7 44. Nc6 Rxf2 45. Rxf2 Rxg3+ 46. Qxg3 Qxg3+ 47.
Kf1 Qxa3 48. Kg2 h5 49. Rf5 Kh6 50. Ne5 Qb2+ 51. Kg3 g6 52. Nf7+ Kg7 53. Rf3 Qd4 0-1

[Event "TCh-CHN DivA Regular"]
[Site "Fuling CHN"]
[Date "2023.06.15"]
[Round "9.2"]
[Board "4"]
[White "Xiao, Yiyi"]
[Black "Ding, Yixin"]
[Result "1/2-1/2"]
[WhiteTitle "WGM"]
[BlackTitle "WGM"]
[WhiteElo "2331"]
[BlackElo "2422"]
[WhiteTeam "Tianjin"]
[BlackTeam "Zhejiang Shaoxing"]
[WhiteFideId "8606161"]
[BlackFideId "8602972"]
[EventDate "2023.06.05"]
[EventType "team"]

1. d4 Nf6 2. Nf3 g6 3. g3 Bg7 4. Bg2 d5 5. O-O O-O 6. c4 c6 7. cxd5 cxd5 8. Nc3
Ne4 9. Ne5 Nxc3 10. bxc3 Nc6 11. Nxc6 bxc6 12. Qa4 Qb6 13. Ba3 Qa6 14. Qxa6 Bxa6
15. Rfb1 Rfb8 16. Bxe7 Bxe2 17. Bd6 Rxb1+ 18. Rxb1 Bb5 19. Bf1 a6 20. Rb3 Bf8
21. Bb4 Re8 22. Bxf8 Kxf8 23. Rb1 Ra8 24. f3 Ke7 25. Kf2 Kd6 26. Ke1 Re8+ 27.
Kd2 Bxf1 28. Rxf1 Rb8 29. Kc2 Re8 30. Kd3 Rb8 31. Kc2 1/2-1/2

[Event "TCh-CHN DivA Regular"]
[Site "Fuling CHN"]
[Date "2023.06.15"]
[Round "9.2"]
[Board "5"]
[White "Qiu, Mengjie"]
[Black "Zhang, Xiaowen"]
[Result "1/2-1/2"]
[WhiteTitle "WIM"]
[BlackTitle "WGM"]
[WhiteElo "2188"]
[BlackElo "2266"]
[WhiteTeam "Zhejiang Shaoxing"]
[BlackTeam "Tianjin"]
[WhiteFideId "8606137"]
[BlackFideId "8603219"]
[EventDate "2023.06.05"]
[EventType "team"]

1. e4 e5 2. Nf3 Nc6 3. d4 exd4 4. Nxd4 Nf6 5. Nc3 Bb4 6. Nxc6 bxc6 7. Bd3 d5 8.
exd5 cxd5 9. O-O O-O 10. Bg5 c6 11. Qf3 Bd6 12. Rae1 Rb8 13. Nd1 Bc7 14. b3 Qd6
15. Qg3 Qxg3 16. hxg3 Be6 17. Bxf6 gxf6 18. Ne3 Ba5 19. Re2 h5 20. Nf5 Rfe8 21.
Nd6 Red8 22. Nf5 Re8 23. Nd6 Re7 24. Nf5 Rc7 25. Ne3 c5 26. c4 d4 27. Nd5 Bxd5
28. cxd5 Rd7 29. Bc4 Kg7 30. f4 Bc3 31. Kf2 d3 32. Bxd3 Rxd5 33. Bc4 Rd7 34. Rh1
Rh8 35. Bb5 Rb7 36. Bc4 Rd7 1/2-1/2

[Event "TCh-CHN DivA Regular"]
[Site "Fuling CHN"]
[Date "2023.06.15"]
[Round "9.3"]
[Board "1"]
[White "Wang, Hao"]
[Black "Liu, Yan"]
[Result "1-0"]
[WhiteTitle "GM"]
[BlackTitle "GM"]
[WhiteElo "2722"]
[BlackElo "2545"]
[WhiteTeam "Shenzhen Pengcheng"]
[BlackTeam "Chongqing Sports Lottery"]
[WhiteFideId "8602883"]
[BlackFideId "8608962"]
[EventDate "2023.06.05"]
[EventType "team"]

1. Nf3 d5 2. c4 e6 3. b3 Nf6 4. Bb2 c5 5. cxd5 exd5 6. g3 d4 7. Bg2 Nc6 8. O-O
Be7 9. e3 O-O 10. exd4 cxd4 11. Re1 Be6 12. Na3 Qd7 13. Nc4 Bxc4 14. bxc4 Bc5
15. a3 Rae8 16. d3 Rxe1+ 17. Qxe1 Re8 18. Qf1 Bb6 19. Re1 h6 20. h3 Re7 21. Bc1
Ba5 22. Rxe7 Qxe7 23. Nh4 Bc7 24. Qd1 Qe6 25. g4 Qd6 26. Nf5 Qd7 27. Bxc6 bxc6
28. Qf3 Bd8 29. Bf4 h5 30. Be5 hxg4 31. hxg4 c5 32. Bxf6 Bxf6 33. Qa8+ Kh7 34.
Qd5 Qa4 35. Kg2 Qxa3 36. Qe4 g6 37. Nd6 Qa6 38. Qd5 Bg7 39. Nxf7 Qc8 40. Ng5+
Kh8 41. Kg3 Qb8+ 42. Kf3 a5 43. Qxc5 Qa8+ 44. Ke2 a4 45. Qd6 a3 46. Qxg6 1-0

[Event "TCh-CHN DivA Regular"]
[Site "Fuling CHN"]
[Date "2023.06.15"]
[Round "9.3"]
[Board "2"]
[White "Bu, Xiangzhi"]
[Black "Xue, Haowen"]
[Result "1/2-1/2"]
[WhiteTitle "GM"]
[WhiteElo "2694"]
[BlackElo "2341"]
[WhiteTeam "Chongqing Sports Lottery"]
[BlackTeam "Shenzhen Pengcheng"]
[WhiteFideId "8601445"]
[BlackFideId "8625492"]
[EventDate "2023.06.05"]
[EventType "team"]

1. c4 e6 2. Nc3 Bb4 3. Nf3 Nf6 4. Qc2 O-O 5. a3 Bxc3 6. Qxc3 b6 7. e3 Bb7 8. Be2
d6 9. O-O Nbd7 10. b4 c5 11. Bb2 Qe7 12. d4 Rfe8 13. Rad1 Rac8 14. bxc5 bxc5 15.
Qa5 Qd8 16. Bc3 Qxa5 17. Bxa5 Ba6 18. dxc5 Rxc5 19. Bb4 Bxc4 20. Bxc4 Rxc4 21.
Rxd6 Nb6 22. Ne5 Rc2 23. Rfd1 Nfd5 24. e4 Nxb4 25. axb4 f6 26. Nc6 Nc8 27. Rd8
Rxd8 28. Nxd8 e5 29. h4 Nb6 30. h5 Rc4 31. b5 Rb4 32. Rc1 Rxb5 33. Rc7 Rb1+ 34.
Kh2 Rd1 35. Nc6 Rd7 36. Rxa7 Rxa7 37. Nxa7 1/2-1/2

[Event "TCh-CHN DivA Regular"]
[Site "Fuling CHN"]
[Date "2023.06.15"]
[Round "9.3"]
[Board "3"]
[White "Zhou, Weiqi"]
[Black "Zeng, Chongsheng"]
[Result "1-0"]
[WhiteTitle "GM"]
[BlackTitle "GM"]
[WhiteElo "2604"]
[BlackElo "2581"]
[WhiteTeam "Shenzhen Pengcheng"]
[BlackTeam "Chongqing Sports Lottery"]
[WhiteFideId "8601674"]
[BlackFideId "8603847"]
[EventDate "2023.06.05"]
[EventType "team"]

1. d4 d5 2. c4 c6 3. Nf3 Nf6 4. Nc3 e6 5. e3 Nbd7 6. Be2 dxc4 7. a4 Bb4 8. Bxc4
c5 9. O-O cxd4 10. exd4 O-O 11. Bg5 Bxc3 12. bxc3 Qc7 13. Qd3 b6 14. Bh4 Bb7 15.
Bg3 Qc8 16. Rfc1 Rd8 17. Qe2 Bxf3 18. gxf3 Nf8 19. Ba6 Qd7 20. Rd1 Nd5 21. Qd2
Ng6 22. c4 Nde7 23. Qg5 Nf5 24. d5 e5 25. Qg4 Nd6 26. Qxd7 Rxd7 27. Re1 f6 28.
a5 Rc7 29. Reb1 Rb8 30. h4 h5 31. Ra4 Kf7 32. Rab4 Ke7 33. axb6 axb6 34. Rxb6
Rxb6 35. Rxb6 Rc5 36. Kf1 Kd7 37. Rb8 Nxc4 38. Rb7+ Kd6 39. Rxg7 Ne7 40. Rh7
Nxd5 41. Rxh5 Ke6 42. Rh8 Nd6 43. h5 Nf7 44. Re8+ Kd7 45. Ra8 Nh6 46. Bd3 Rc8
47. Ra6 Ke7 48. Be4 Nf4 49. Bxf4 exf4 50. Bg6 f5 51. Kg2 Rc5 52. Kh3 Rc3 53. Kg2
Rc5 54. Ra4 Kf6 55. Rxf4 Ng8 56. Rd4 Ne7 57. f4 Rd5 58. Ra4 Rd6 59. Be8 Rd8 60.
Ra6+ Kg7 61. Bb5 Nd5 62. Kg3 Nc3 63. Ra7+ Kh6 64. Bd7 Ne4+ 65. Kh4 Nd6 66. Ba4
Rf8 67. Bb3 Ne4 68. Bf7 Nf6 69. Bg6 Rb8 70. Ra6 Rf8 71. Bxf5 Rf7 72. Bd3 Rf8 73.
f3 Rf7 74. Bg6 Rf8 75. f5 Ng8 76. Bf7+ Kg7 77. Bxg8 Kxg8 78. Kg5 Rf7 79. Rg6+
Kh7 80. f6 Kh8 81. Rg7 Rf8 82. h6 Ra8 83. Kg6 Ra6 84. Rh7+ Kg8 85. Re7 Kf8 86.
Rf7+ 1-0

[Event "TCh-CHN DivA Regular"]
[Site "Fuling CHN"]
[Date "2023.06.15"]
[Round "9.3"]
[Board "4"]
[White "Wang, Chuqiao"]
[Black "Song, Yuxin"]
[Result "1-0"]
[BlackTitle "WIM"]
[WhiteElo "2061"]
[BlackElo "2353"]
[WhiteTeam "Chongqing Sports Lottery"]
[BlackTeam "Shenzhen Pengcheng"]
[WhiteFideId "8631638"]
[BlackFideId "8614300"]
[EventDate "2023.06.05"]
[EventType "team"]

1. d4 Nf6 2. c4 e6 3. Nf3 Bb4+ 4. Nbd2 b6 5. a3 Bxd2+ 6. Qxd2 Bb7 7. b4 O-O 8.
e3 d5 9. c5 a5 10. Bb2 Nbd7 11. Bd3 c6 12. O-O Ba6 13. Rfc1 Ne4 14. Qe2 Bxd3 15.
Qxd3 axb4 16. axb4 Rb8 17. Bc3 bxc5 18. bxc5 Rb3 19. Nd2 Nxd2 20. Qxd2 Qb8 21.
Qc2 Qb7 22. Rcb1 Rb8 23. Rxb3 Qxb3 24. Qxb3 Rb7 25. Qb4 Rxb4 26. Be1 Rb7 27. Ra6
Rb1 28. Kf1 Nb8 29. Rb6 Rb5 30. f3 e5 31. Bg3 f6 32. dxe5 fxe5 33. Bxe5 Nd7 34.
Rxb5 cxb5 35. c6 Nb6 36. Ke2 Kf7 37. Bd4 Nc4 38. c7 Nd6 39. Bc5 Nc8 40. Kd3 Ke6
41. Kd4 g6 42. h4 Kd7 43. Kxd5 Kxc7 44. e4 Kd7 45. g4 Kc7 46. f4 Kd7 47. e5 h6
48. e6+ Ke8 49. f5 gxf5 50. gxf5 Ne7+ 51. Bxe7 Kxe7 52. Kc5 1-0